Old Testament survey (Record no. 67695)
[ view plain ]
| 000 -LEADER | |
|---|---|
| fixed length control field | 00681nam a2200253Ia 4500 |
| 003 - CONTROL NUMBER IDENTIFIER | |
| control field | 0100 |
| 008 - FIXED-LENGTH DATA ELEMENTS--GENERAL INFORMATION | |
| fixed length control field | 130303s9999 xx 000 0 und d |
| 020 ## - INTERNATIONAL STANDARD BOOK NUMBER | |
| International Standard Book Number | 0802837883 |
| 040 ## - CATALOGING SOURCE | |
| Transcribing agency | ARRUPELIB |
| 050 ## - LIBRARY OF CONGRESS CALL NUMBER | |
| Classification number | BS1140.2.L25 1996 |
| 300 ## - PHYSICAL DESCRIPTION | |
| Other physical details | 860p 24cm |
| 100 ## - MAIN ENTRY--PERSONAL NAME | |
| Personal name | LaSor, William Sanford |
| 245 ## - TITLE STATEMENT | |
| Title | Old Testament survey |
| 245 ## - TITLE STATEMENT | |
| Remainder of title | The message, form, and background of the Old Testament |
| 250 ## - EDITION STATEMENT | |
| Edition statement | 2nd edition |
| 260 ## - PUBLICATION, DISTRIBUTION, ETC. (IMPRINT) | |
| Place of publication, distribution, etc | Grand Rapids |
| 260 ## - PUBLICATION, DISTRIBUTION, ETC. (IMPRINT) | |
| Name of publisher, distributor, etc | Eerdmans |
| 260 ## - PUBLICATION, DISTRIBUTION, ETC. (IMPRINT) | |
| -- | 1996 |
| 300 ## - PHYSICAL DESCRIPTION | |
| Extent | xvii |
| 650 ## - SUBJECT ADDED ENTRY--TOPICAL TERM | |
| Topical term following geographic name as entry element | Kenya - Politics - 1963- |
| 650 ## - SUBJECT ADDED ENTRY--TOPICAL TERM | |
| Location of event | Conflict management - Kenya |
| 700 ## - ADDED ENTRY--PERSONAL NAME | |
| Personal name | Hubbard, David Allan; Bush, Frederic William |
| 942 ## - ADDED ENTRY ELEMENTS (KOHA) | |
| Source of classification or shelving scheme | Library of Congress Classification |
| Koha issues (borrowed), all copies | 3 |
| Withdrawn status | Lost status | Source of classification or shelving scheme | Damaged status | Not for loan | Collection code | Home library | Current library | Shelving location | Date acquired | Total Checkouts | Full call number | Barcode | Date last seen | Date checked out | Copy number | Price effective from | Koha item type |
|---|---|---|---|---|---|---|---|---|---|---|---|---|---|---|---|---|---|
| Library of Congress Classification | Main Collection | ARRUPE LIBRARY | ARRUPE LIBRARY | 05/03/2013 | 6 | BS1140.2.L25 1996 | 46400188 | 28/03/2018 | 20/03/2018 | 1 | 05/03/2013 | Monograph ( Printed materials) |